|
|
|
|
| LEADER |
00000nab a2200000 ar4500 |
| 001 |
vtls009278396 |
| 003 |
SK-MaSNL |
| 005 |
20260303052504.0 |
| 008 |
080325c1975 xo |r|p|||||||000 b|slo |
| 015 |
|
|
|a SNBRB1976
|
| 038 |
|
|
|a SNKBUCL
|
| 040 |
|
|
|a SNKBUCL
|b slo
|c SNKBUCL
|e AACR2
|
| 041 |
|
|
|a slo
|
| 044 |
|
|
|a xo
|c SK
|
| 080 |
|
|
|a 72.071.1:061.4
|2 1997
|
| 100 |
1 |
|
|a Záborský, Vladimír,
|d 1946-
|4 aut
|9 219733
|
| 245 |
1 |
0 |
|a Výstava akademického architekta Ferdinanda Čapku
|c Vlado Záborský
|
| 300 |
|
|
|b Obr.
|
| 600 |
1 |
7 |
|a Čapka, Ferdinand,
|d 1905-1987
|x výstavy
|2 snkbucl
|9 1043653
|
| 648 |
|
7 |
|a 1975
|2 snkbucl
|9 281939
|
| 773 |
0 |
|
|t Československý architekt
|g Roč. 21, č. 20 (1975), s. 7
|
| 852 |
|
|
|a SNK
|b KIS3GCP
|
| 958 |
|
|
|a BX
|
| 999 |
|
|
|c 1715521
|d 1717451
|